| 000 | 00416nam a2200133 a 4500 | ||
|---|---|---|---|
| 001 | 000029526 | ||
| 005 | 20200930055619.0 | ||
| 008 | 110418s1993 dr a 000 0 spa d | ||
| 040 |
_aDO-SdBNP _bspa _cBNPHU |
||
| 245 | 0 | 0 |
_aTeatro y naturaleza : _ben la identidad de los pueblos de América. |
| 260 |
_aSanto Domingo : _bFundación Ciencia y Arte, _c1993. _fEmpresas Unidas |
||
| 300 |
_a10 p. ; _c22 cm. |
||
| 049 | _aBNPD | ||
| 999 |
_c29018 _d29018 |
||